IFM Opac

Discovering Computers: (Record no. 22232)

MARC details
000 -LEADER
fixed length control field 00357nam a22001337a 4500
020 ## - INTERNATIONAL STANDARD BOOK NUMBER
ISBN 978-0-357-67536-6
082 ## - DEWEY DECIMAL CLASSIFICATION NUMBER
Classification number 004
100 ## - MAIN ENTRY--AUTHOR NAME
Personal name Campbell, Jennifer T.
245 ## - TITLE STATEMENT
Title Discovering Computers:
Sub Title Digital Technology, Data, and Devices
250 ## - EDITION STATEMENT
Edition statement 17th
260 ## - PUBLICATION, DISTRIBUTION, ETC. (IMPRINT)
Place of publication Boston:
Name of publisher Cengage,
Year of publication 2023
300 ## - PHYSICAL DESCRIPTION
Number of Pages viii, [445] Mixed pages: ill.; 27cm
942 ## - ADDED ENTRY ELEMENTS (KOHA)
Koha item type Books
Holdings
Withdrawn status Lost status Damaged status Not for loan Collection code Permanent Location Current Location Shelving location Date acquired Source of acquisition Full call number Accession Number Price effective from Koha item type
        Non-fiction IFM Main Campus Library IFM Main Campus Library Work Room processing 01/27/2026 Purchased 004 CAM 0000030454 01/27/2026 Books
        Non-fiction IFM Main Campus Library IFM Main Campus Library Work Room processing 01/27/2026 Purchased 004 CAM 0000030455 01/27/2026 Books
        Non-fiction IFM Main Campus Library IFM Main Campus Library Work Room processing 01/27/2026 Purchased 004 CAM 0000030453 01/27/2026 Books